000 01206nam a2200253 i 4500
001 bg
946 _c20,00
245 0 0 _aBezspoinowe systemy ocieplania ścian budynków - (kod CPV 45450000-6) /
_cOśrodek Wdrożeń Ekonomiczno-Organizacyjnych Budownictwa "Promocja".
260 _aWarszawa :
_bOśrodek Wdrożeń Ekonomiczno-Organizacyjnych Budownictwa "Promocja",
_c2005.
300 _a23 s. ;
_c24 cm.
490 1 _aSpecyfikacje techniczne Wykonywania i Odbioru Robót Budowlanych (Standardowe)
650 9 _aBudownictwo
_xtechnika
_xnormalizacja
_zPolska
650 9 _aIzolacje cieplne
_xbudownictwo
_xnormalizacja
_zPolska
655 _aInformatory
710 2 _aOśrodek Wdrożeń Ekonomiczno-Organizacyjnych Budownictwa "|PROMOCJA".
830 _aSpecyfikacje techniczne Wykonywania i Odbioru Robót Budowlanych (Standardowe)
020 _a8389756528
040 _cBPK
041 0 _apol
044 _aPOL
080 _a699.86:006.3/.8(438)(058)
942 _cKS
008 s pl f |000 0 pol
999 _c49795
_d49795
856 _uhttp://koha.tu.koszalin.pl/cgi-bin/koha/opac-detail.pl?biblionumber=49795
_yKatalog online BPK